Bayern Munich players (2000-2010) - Statistics

General Stats
  • This quiz has been taken 33 times
  • The average score is 46 of 84
Answer Stats
Rank Player Positions Nationality Matches Goals (assists) Period % Correct
1 Oliver Kahn GK 251 0 (1) 2000-2008
100%
4 Claudio Pizarro ST 174 71 (25) 2001-2007
92%
9 Lúcio CB 144 7 (8) 2004-2009
92%
25 Franck Ribéry LW 72 24 (25) 2007-2010
88%
10 Philipp Lahm RB 138 4 (19) 2005-2010
88%
2 Bastian Schweinsteiger CM 217 22 (44) 2002-2010
83%
20 Giovane Élber ST 94 54 (16) 2000-2004
83%
30 Luca Toni ST 60 38 (15) 2007-2010
83%
16 Mark van Bommel CM 110 11 (13) 2006-2010
83%
7 Martín Demichelis CB 168 12 (7) 2003-2010
83%
6 Zé Roberto LM 169 14 (46) 2002-2006, 2007-2009
83%
51 Arjen Robben RW 24 16 (7) 2009-2010
79%
13 Bixente Lizarazu LB 123 4 (10) 2000-2006
79%
19 Daniel Van Buyten CB 99 13 (3) 2006-2010
79%
5 Hasan Salihamidzic RM 174 23 (31) 2000-2007
79%
47 Mario Gómez ST 29 10 (5) 2009-2010
79%
17 Michael Ballack CM 107 44 (29) 2002-2006
79%
23 Miroslav Klose ST 78 23 (16) 2007-2010
79%
8 Owen Hargreaves DM 145 5 (16) 2000-2007
79%
11 Roy Makaay ST 129 78 (27) 2003-2007
79%
37 Hans Jörg Butt GK 39 0 (0) 2008-2010
75%
46 Ivica Olic ST 29 11 (6) 2009-2010
75%
42 Niko Kovac DM 34 3 (1) 2001-2003
75%
21 Robert Kovac CB 94 0 (1) 2001-2005
75%
3 Willy Sagnol RB 184 7 (38) 2000-2008
75%
53 Anatoliy Tymoshchuk DM 21 0 (1) 2009-2010
71%
12 Roque Santa Cruz ST 127 26 (14) 2000-2007
71%
22 Samuel Kuffour CB 94 3 (1) 2000-2005
71%
33 Hamit Altıntop RM 49 5 (6) 2007-2010
67%
26 Lukas Podolski ST 71 15 (12) 2006-2009
67%
29 Sebastian Deisler RM 62 8 (14) 2002-2007
67%
39 Stefan Effenberg AM 37 6 (9) 2000-2002
67%
38 Thomas Müller CF 38 13 (11) 2008-2010
67%
18 Jens Jeremies DM 103 2 (7) 2000-2006
63%
69 Landon Donovan ST 6 0 (0) 2008-2009
63%
14 Mehmet Scholl AM 122 26 (33) 2000-2007
63%
48 Torsten Frings DM 29 3 (4) 2004-2005
63%
43 Ali Karimi AM 33 3 (4) 2005-2007
58%
36 Carsten Jancker ST 43 12 (5) 2000-2002
58%
77 David Alaba CB 3 0 (0) 2009-2010
58%
52 Patrik Andersson CB 22 1 (1) 2000-2001
58%
54 Danijel Pranjic LB 20 1 (3) 2009-2010
54%
44 Holger Badstuber CB 33 1 (2) 2009-2010
54%
57 Massimo Oddo RB 18 0 (4) 2008-2009
54%
31 Michael Rensing GK 53 0 (1) 2003-2010
54%
49 Paolo Guerrero ST 27 10 (9) 2004-2006
54%
15 Thomas Linke CB 112 0 (1) 2000-2005
54%
32 Alexander Zickler ST 50 8 (2) 2000-2003, 2004-2005
50%
76 Bernd Dreher GK 3 0 (0) 2000-2001, 2005-2007
50%
41 José Sosa AM 35 2 (1) 2007-2010
50%
50 Tim Borowski CM 26 5 (1) 2008-2009
50%
55 Toni Kroos CM 19 0 (2) 2007-2009
50%
24 Andreas Ottl DM 77 5 (4) 2005-2010
46%
67 Jan Schlaudraff CF 8 0 (1) 2007-2008
46%
35 Michael Tarnat LB 44 1 (7) 2000-2003
46%
34 Paulo Sérgio RW 49 8 (3) 2000-2002
46%
66 Breno CB 8 0 (0) 2007-2010
42%
64 Edson Braafheid LB 9 0 (0) 2009-2010
42%
58 Marcell Jansen LB 17 0 (1) 2007-2008
42%
61 Piotr Trochowski AM 13 1 (0) 2002-2004
42%
65 Vahid Hashemian ST 9 0 (0) 2004-2005
42%
78 Zvjezdan Misimovic AM 3 0 (0) 2002-2004
42%
56 Andreas Görlitz RB 18 0 (0) 2004-2005, 2006-2007
38%
27 Christian Lell RB 65 1 (4) 2003-2004, 2006-2009
38%
82 Mats Hummels CB 1 0 (0) 2006-2007
38%
45 Valérien Ismaël CB 31 0 (0) 2005-2007
38%
40 Ciriaco Sforza CM 36 1 (7) 2000-2002
33%
63 Diego Contento LB 9 0 (2) 2009-2010
29%
60 Markus Feulner CM 13 0 (2) 2001-2004
29%
73 Sandro Wagner ST 4 0 (0) 2007-2008
29%
74 Stefan Wessels GK 4 0 (0) 2000-2003
29%
28 Thorsten Fink DM 63 3 (2) 2000-2004
29%
71 Julio dos Santos CM 5 0 (1) 2005-2007
25%
62 Tobias Rau LB 13 0 (1) 2003-2005
25%
75 Alexander Baumjohann AM 3 0 (1) 2009-2010
21%
84 Stephan Fürstner DM 1 0 (0) 2006-2007
21%
70 Michael Wiesinger RM 6 0 (1) 2000-2001
17%
59 Pablo Thiam DM 16 0 (0) 2001-2003
17%
79 Stefan Maierhofer ST 2 0 (0) 2006-2007
17%
72 Thomas Strunz DM 5 0 (0) 2000-2001
17%
68 Antonio Di Salvo ST 6 0 (0) 2000-2001
13%
80 Berkant Göktan ST 1 0 (0) 2000-2001
8%
81 Louis Ngwat-Mahop ST 1 0 (0) 2006-2007
4%
83 Steffen Hofmann AM 1 0 (0) 2001-2002
4%
No matching quizzes found
Score Distribution
Percent of People with Each Score
Percentile by Number Answered
Your Score History
You have not taken this quiz